1277 1628 1677 1790 1057 1502 1565 1209 1172 1213 1682 1756 1547 1999 1332 1513 1905 1202 1889 1072 1693 1080 1772 1168 1536 1307 1048 1108 1526 1125 1452 1467 1779 1939 1662 1614 1586 1612 1985 1302 1162 1739 1672 1807 1955 1055 1570 1763 1192 1015 1713 1209 1323 1657 1602 1829 1569 1977 1415 1438 1715 1776 1016 1634 1241 1062 1278 1253 1093 1909 1869 1460 1304 1679 1219 1088 1611 1219 1403 1835 1502 1598 1169 1381 1761 1959 1025 1067 1855 1048 1863 1009 1000 1099 1082 1048 1833 1364 1497 BCNSPRNW ULIB Ver.6.0+V

เปลี่ยนเป็นภาษาไทย

Change to English
 แสดงรายละเอียดบรรณานุกรม
  กลับหน้าหลัก

Brief Record : Get Marc (ISO 2709) : E-mail record : QR code < ปิดหน้าต่าง
LEADER : 00000nam 2200000uu 4500
001    13399109755
003     ULIB
008    110410s2544||||th 000 0 tha d
020    9742940932
060 04 WC100^bว562ป 2544
100 0  วิชัย โชควิวัฒน
245 10 ปริทัศน์โรคติดต่อ /^cวิชัย โชควิวัฒน
250    พิมพ์ครั้งที่ 1
260    นนทบุรี :^bโครงการสวัสดิการ สถาบันพระบรมราชชนก,^c2544
300    214 หน้า :^bภาพประกอบ ;^c26 ซม.
500    โครงการสวัสดิการวิชาการ สถาบันพระบรมราชชนกกระทรวงศึกษาธิการ
650  7 โรคติดต่อ
650  7 โรคติดต่อ, การควบคุม
710 2  สถาบันพระบรมราชชนก. ^bโครงการสวัสดิการวิชาการ
945    ^p180^l0^i015098
945    ^p180^l0^i015096
945    ^p180^l0^i015097
995    ทศพร
999 ^a ใช้งานได้ทุกระบบ
รายการนี้ยังไม่มีแท็ก
คุณยังไม่ได้ล็อกอิน คุณสามารถมีกิจกรรมร่วมกับเว็บไซต์ได้ แต่ต้องล็อกอินก่อน ::
  ล็อกอิน

รายการสื่อสารสนเทศ

ลำดับที่ ประเภท เลขเรียก/บาร์โค้ด สถานที่ สถานะ
- ไม่พบข้อมูล -

รายการใกล้เคียง
    ผู้แต่ง [วิชัย โชควิวัฒน]

    หัวเรื่อง [โรคติดต่อ]
    หัวเรื่อง [โรคติดต่อ, การควบคุม]

BibComment


ยังไม่เคยถูกคอมเมนท์

คอมเมนท์ทรัพยากรรายการนี้
  คอมเมนท์: ปริทัศน์โรคติดต่อ..


 Copyright 2026. Bcnsprnw @Library